Trains de GTA 5 - Statistiques

Statistiques générales
  • Ce quiz a été pris 54 fois
    44 depuis la dernière actualisation
  • Le résultat moyen est 10 sur 11
Statistiques - réponses
Modèle % Correct
Train
100%
Train
100%
Train
100%
Train
100%
Train
100%
Train
100%
Train
100%
Train
100%
Train
100%
Téléphérique
65%
Train de marchandises
42%
Aucun quiz correspondant
Distribution des résultats
% des personnes avec chaque résultat
Percentile par nombre de réponses
Votre historique - résultats
Vous n’avez pas pris ce quiz depuis la dernière actualisation